Ancient Objects - Statistics

General Stats
  • This quiz has been taken 7 times
  • The average score is 2 of 16
Answer Stats
Picture Answer % Correct
Olmec mask
57%
Scythian comb
57%
Amphora
43%
Mesoamerican rubber ball
43%
Harrapan urns
14%
Neolithic carved stone ball
14%
Norse petroglyphs
14%
Aksumite jar
0%
Cylinder seal
0%
Ding
0%
Nazca mantle
0%
Phoenician incense burner
0%
Punic pendant
0%
Roman dodecahedron
0%
Sling bullets
0%
Ushabti
0%
No matching quizzes found
Score Distribution
Percent of People with Each Score
Percentile by Number Answered
Your Score History
You have not taken this quiz